00218nam a2200085Ia 4500001000800000005001700008008004100025245004500066260002100111120626320251009143445.0250824s9999 xx 000 0 und d 0aKAĞIDA SARILI RÜZGAR cA.ALİ URAL bŞULE YAYINLARI